Normal view
MARC view
- Rau, Nicholas,
Entry Personal Name
001 - CONTROL NUMBER
- control field: 9992
003 - CONTROL NUMBER IDENTIFIER
- control field: NUST
005 - DATE AND TIME OF LATEST TRANSACTION
- control field: 20180210083938.0
008 - FIXED-LENGTH DATA ELEMENTS
- fixed length control field: 180210|| aca||aabn | a|a d
040 ## - CATALOGING SOURCE
- Original cataloging agency: NUST
- Transcribing agency: NUST
100 ## - HEADING--PERSONAL NAME
- Personal name: Rau, Nicholas,
- Relator term: author.
670 ## - SOURCE DATA FOUND
- Source citation: Work cat.: (NUST)0: Pemberton, Malcolm, author. 9991, Mathematics for economists :
